| 000 | 00651nam a2200205 a 4500 | ||
|---|---|---|---|
| 005 | 20240924070653.0 | ||
| 008 | 031106s1985 mx r 000 0 spa d | ||
| 020 | _a9682201411 | ||
| 035 | _aUPN01000130781 | ||
| 049 | _aCG | ||
| 050 | 4 |
_aD16 _bC3.68b |
|
| 100 | 1 |
_aCarr, Edward Hallett, _d1892-1982 _933015 |
|
| 245 | 1 | 1 |
_a¿Qué es la historia? / _cEdward H. Carr ; tr. Joaquín Romero Maura. |
| 260 |
_aMéxico : _bOrigen : _bPlaneta, _c1985. |
||
| 300 | _aviii, 214 p. | ||
| 440 | 0 |
_aObras maestras del pensamiento contemporáneo ; _v15 |
|
| 534 |
_pTraducción de: _tWhat is history? |
||
| 650 | 4 |
_aHistoria _xFilosofía _96938 |
|
| 905 | _aLibro | ||
| 999 |
_c102938 _d102938 |
||